| 000 | 01544nam0a22002891 4500 | ||
|---|---|---|---|
| 001 | v19\rc\1476326 | ||
| 005 | 20250618151842.0 | ||
| 035 | _a(NLR Aleph) 004610472 | ||
| 090 |
_a2906391 _c2906391 |
||
| 100 | _a20060620d1878 |||y0rusy50 ca | ||
| 101 | 0 | _arus | |
| 102 | _aRU | ||
| 105 | _ay z ||||| | ||
| 200 | 1 |
_aВолостной суд _eЗаконы, распоряжения правительства и циркуляры для крестьян (их суд, права, обязанности и повинности) _eРуководство для всех крестьян, волост. правл., сел. и волост. сходов и должност. лиц... _eПо выс. утв. Положению 19 февр., со всеми позднейш. узаконениями и разъясн., по др. томам Св. зак. с прил. циркуляров различ. ведомств _fСост. А.Е. Гарнак |
|
| 210 |
_aМосква _cтип. Э. Лисснер и Ю. Роман _d1878 |
||
| 215 |
_a[2], 486, VIII с. _d21 |
||
| 300 | _aИзд. также под загл.: Новый волостной суд | ||
| 451 | 0 |
_12001#$aНовый волостной суд _tНовый волостной суд |
|
| 700 | 1 |
_aГарнак _bА.Е. _gАлександр Егорович _4220 |
|
| 801 | 0 |
_aRU _bNLR _gpsbo |
|
| 801 | 0 |
_aRU _bRuMoRGB _2psbo |
|
| 801 | 1 |
_aRU _bProSoft-M _2rusmarc |
|
| 852 |
_aNLR _j18.46.6.33 |
||
| 899 |
_aRuMoRGB _jR 2/52 |
||
| 899 | _aБАН | ||
| 942 | _cBOOK | ||
| 980 | _aNB | ||